| 000 | 02227nam a22003017a 4500 | ||
|---|---|---|---|
| 005 | 20170201135045.0 | ||
| 008 | 130821n enk fr eng d | ||
| 040 |
_aCo-BoUCM _bspa _cSandra Yazo _dSandra Yazo |
||
| 041 | 0 | 0 | _aeng |
| 082 |
_a282.0942 _220 |
||
| 092 | _aE42N010 | ||
| 100 | 1 |
_aNewman, John Henry _d1801-1890 _971640 |
|
| 242 | 0 | 0 |
_aConferencias sobre la situación actual de los católicos en Inglaterra, _bdirigidas a los Hermanos del Oratorio en el verano de 1851 _cpor John Henry Newman _yspa |
| 245 | 0 | 0 |
_aLectures on the present position of catholics in England _badressed to the Brothers of the Oratory in the Summer of 1851 _cby John Henry Newman |
| 250 | _aFifth Edition [Quinta edición] | ||
| 260 |
_aLondon [Londres] (Inglaterra) _bBurns, Oates, & Company _c[fecha desconocida] |
||
| 300 |
_axiii, 416 páginas _c19 x 13 xcm |
||
| 500 | _aDetalles físicos: Encuadernación rígida en cartón duro forrado en tela texturizada. Lomo con adornos en dorado. Tapas con recuadro repujado en los bordes y en el centro. Guardas, la delantera con una raspadura. Anteportada. Portada impresa en una sola tinta, con algunos impresos en caracteres góticos. Texto impreso en una sola columna. Nota al pie de página. Hojas con bordes irregulares y manchados. Índice. Lomo con manchas por cinta pegante | ||
| 505 | 0 | _aLa perspectiva protestante sobre la Iglesia Católica ; Tradición que apoya la validez y fuerza de esta perspectiva protestante ; Debilidad de las bases de dicha perspectiva ; Testimonios sobre la insuficiencia del punto de vista protestante ; Las inconsistencias lógicas ; Los prejuicios vitales ; Los supuestos principios intelectuales de esta perspectiva protestante ; La ignorancia respecto a los católicos ; Responsabilidad de los católicos ante estos puntos de vista protestantes | |
| 506 | _aConsulta en sala | ||
| 546 | _aTexto en inglés | ||
| 650 | 7 |
_aCatólicos _zInglaterra _910612 |
|
| 650 | 7 |
_aApologética _99245 |
|
| 650 | 7 |
_aOratoria _vEnsayos, conferencias, etc. _920798 |
|
| 690 |
_aTeología _925230 |
||
| 856 | 4 | 1 |
_uhttps://archive.org/stream/a2454789smrn00newmuoft#page/n5/mode/2up _zDisponible edición de 1891 |
| 942 |
_cLIBRO _e5 _2LOCAL _hE42N010 |
||
| 999 |
_c305867 _d305867 |
||